Distance learning : (Record no. 31879)

000 -LEADER
fixed length control field 01526cam a22003494a 4500
001 - CONTROL NUMBER
control field 12411592
005 - DATE AND TIME OF LATEST TRANSACTION
control field 20240131132430.0
008 - FIXED-LENGTH DATA ELEMENTS--GENERAL INFORMATION
fixed length control field 010517s2001 cau b 001 0 eng
010 ## - LIBRARY OF CONGRESS CONTROL NUMBER
LC control number 2001002978
020 ## - INTERNATIONAL STANDARD BOOK NUMBER
International Standard Book Number 0761920889 (hard : alk. paper)
020 ## - INTERNATIONAL STANDARD BOOK NUMBER
International Standard Book Number 0761920897 (pbk.)
040 ## - CATALOGING SOURCE
Original cataloging agency DLC
Transcribing agency DLC
Modifying agency DLC
042 ## - AUTHENTICATION CODE
Authentication code pcc
050 00 - LIBRARY OF CONGRESS CALL NUMBER
Classification number LC 5800 .M44 2001
082 00 - DEWEY DECIMAL CLASSIFICATION NUMBER
Classification number 378.1/75
Edition number 21
100 1# - MAIN ENTRY--PERSONAL NAME
Personal name Mehrotra, Chandra.
245 10 - TITLE STATEMENT
Title Distance learning :
Remainder of title principles for effective design, delivery, and evaluation /
Statement of responsibility, etc. Chandra Mohan Mehrotra, C. David Hollister, Lawrence McGahey.
260 ## - PUBLICATION, DISTRIBUTION, ETC. (IMPRINT)
Place of publication, distribution, etc. Thousand Oaks, Calif. :
Name of publisher, distributor, etc. Sage Publications,
Date of publication, distribution, etc. c2001.
300 ## - PHYSICAL DESCRIPTION
Extent xiii, 242 p. ;
Dimensions 24 cm.
504 ## - BIBLIOGRAPHY, ETC. NOTE
Bibliography, etc Includes bibliographical references and indexes.
650 #0 - SUBJECT ADDED ENTRY--TOPICAL TERM
Topical term or geographic name as entry element Distance education
General subdivision Curricula.
650 #0 - SUBJECT ADDED ENTRY--TOPICAL TERM
Topical term or geographic name as entry element Education, Higher
General subdivision Curricula.
650 #0 - SUBJECT ADDED ENTRY--TOPICAL TERM
Topical term or geographic name as entry element Instructional systems
General subdivision Design.
700 1# - ADDED ENTRY--PERSONAL NAME
Personal name Hollister, C. David.
700 1# - ADDED ENTRY--PERSONAL NAME
Personal name McGahey, Lawrence.
856 42 - ELECTRONIC LOCATION AND ACCESS
Materials specified Publisher description
Uniform Resource Identifier <a href="http://www.loc.gov/catdir/enhancements/fy0656/2001002978-d.html">http://www.loc.gov/catdir/enhancements/fy0656/2001002978-d.html</a>
856 41 - ELECTRONIC LOCATION AND ACCESS
Materials specified Table of contents only
Uniform Resource Identifier <a href="http://www.loc.gov/catdir/enhancements/fy0656/2001002978-t.html">http://www.loc.gov/catdir/enhancements/fy0656/2001002978-t.html</a>
856 42 - ELECTRONIC LOCATION AND ACCESS
Materials specified Contributor biographical information
Uniform Resource Identifier <a href="http://www.loc.gov/catdir/enhancements/fy0734/2001002978-b.html">http://www.loc.gov/catdir/enhancements/fy0734/2001002978-b.html</a>
906 ## - LOCAL DATA ELEMENT F, LDF (RLIN)
a 7
b cbc
c orignew
d 1
e ecip
f 20
g y-gencatlg
942 ## - ADDED ENTRY ELEMENTS (KOHA)
Source of classification or shelving scheme
Koha item type Hard Covered Materials
Classification part LC 5800 .M44 2001
Holdings
Withdrawn status Lost status Source of classification or shelving scheme Damaged status Not for loan Home library Current library Date acquired Source of acquisition Cost, normal purchase price Total Checkouts Full call number Barcode Date last seen Price effective from Koha item type Shelving location
          MACHAKOS UNIVERSITY LIBRARY MACHAKOS UNIVERSITY LIBRARY 27/01/2021 purchase(Njingua) 6542.00   LC5800.M44 2001 23562 25/02/2021 27/01/2021 Hard Covered Materials  
          MACHAKOS UNIVERSITY LIBRARY MACHAKOS UNIVERSITY LIBRARY 23/06/2022 Purchase (Falcon books EA) 6750.00   LC5800 .M44 2001 39144 23/06/2022 23/06/2022 Hard Covered Materials Open shelf
          MACHAKOS UNIVERSITY LIBRARY MACHAKOS UNIVERSITY LIBRARY 17/10/2023 falcon     LC 5800 .M44 2001 39698 17/10/2023 17/10/2023 Hard Covered Materials Open shelf
© Machakos University Library, Along The Highway, Machakos Wote Rd, Machakos, Kenya P.O. Box 136 - 90100 Machakos - Kenya

Tel: ( +254 ) 723 805829 OR Fax : 044-20353 OR Email: library@mksu.ac.ke